Využitie Ramanovej spektroskopie pre kriminalistické skúmanie chemických vodoznakov

Gespeichert in:
Bibliographische Detailangaben
1. Verfasser: Horanová, Silvia (Verfasst von)
Weitere Verfasser: Vizárová, Katarína (Betreuung Doktorarbeit)
Format: Manuskript Buch
Sprache:Slowakisch
Veröffentlicht: 2015
Schlagworte:
Online-Zugang:http://is.stuba.sk/zp/portal_zp.pl?podrobnosti=101544
Tags: Tag hinzufügen
Keine Tags, Fügen Sie das erste Tag hinzu!

MARC

LEADER 00000ntm a22000003a 4500
001 stuzp51855
003 SK-STU
005 20160719154003.0
007 ta
008 150427s2015----xo-----f-mn---000-0-slo-d
040 |a STU  |b slo 
041 0 |a slo 
100 1 |a Horanová, Silvia  |u 049380  |4 aut  |U FCHPT Ústav prírodných a syntetických polymérov  |T FCHPT Oddelenie dreva, celulózy a papiera  |X 60972  |U C9380  |Y 129  |7 60972 
242 0 1 |a Raman Spectroscopy Utilization in Forensics Chemical Watermark Analysis  |y eng 
245 1 0 |a Využitie Ramanovej spektroskopie pre kriminalistické skúmanie chemických vodoznakov 
260 |c 2015 
650 4 |a kriminalistické skúmanie  |2 slo 
650 4 |a chemický vodoznak  |2 slo 
650 4 |a forenzná analýza  |2 slo 
650 4 |a Ramanova spektroskopia  |2 slo 
650 4 |a Raman spectroscopy  |2 eng 
650 4 |a forensic investigation  |2 eng 
650 4 |a chemical watermark  |2 eng 
650 4 |a forensic analysis  |2 eng 
700 1 |a Vizárová, Katarína  |4 ths  |X 3902  |7 A000003902 
856 4 |u http://is.stuba.sk/zp/portal_zp.pl?podrobnosti=101544 
SQL |a stuzp51855  |b DBP  |c SLO  |d Využitie Ramanovej spektroskopie pre kriminalistické skúmanie chemických vodoznakov  |e 60972  |f Horanová, Silvia  |g 049380  |h 3902  |i Vizárová, Katarína  |j 20150715  |k 753  |l 04  |m http://is.stuba.sk/zp/portal_zp.pl?podrobnosti=101544  |n B-CHEMAT  |o 4.1.14. chémia, 5.2.18. chemické technológie